| 000 | 00682nam a2200217Ia 4500 | ||
|---|---|---|---|
| 003 | GCL | ||
| 008 | 140319s9999 xx 000 0 ara d | ||
| 040 |
_aGCL / _cGCL |
||
| 082 | 0 | 4 |
_a613.2 _bف ا |
| 100 | 1 | _aفوزية عبد الله العوض | |
| 245 | 1 | 0 |
_aابعاد صحية واجتماعية فى تغذية الشباب / _cفوزية عبد الله العوض |
| 260 |
_a[S.N] : _bمؤسسة الكويت للتقدم العلمى ، _c1987 |
||
| 300 | _a182 ص | ||
| 490 | _a | ||
| 650 | 0 | 4 | _aالمراهقون |
| 650 | 0 | 4 | _aالتغذية |
| 650 | 0 | 4 | _aالفيتامينات |
| 650 | 0 | 4 | _aالرياضيون |
| 650 | 0 | 4 | _aالاغذية |
| 942 |
_2ddc _cBK |
||
| 999 |
_c28338 _d28338 |
||